000 00498nam a22001937a 4500
003 NUST - PNEC
005 20170116180754.0
008 150317b xxu||||| |||| 00| 0 eng d
020 _a9780194313483
040 _cLIBRARY
082 _a428.24 THO
100 _91893
_aAudrey Thomson
245 _aPractical English Grammar
_cAudrey Thomson
250 _a4th ed.
260 _aUSA
_bNew York
_cC 1986
300 _a383 . :
650 _91894
_aPractical English Grammar
_xAS
942 _2ddc
_cBK
999 _c62649
_d62649